| 000 | 00477nam a22001817a 4500 | ||
|---|---|---|---|
| 003 | LC | ||
| 005 | 20170311080824.0 | ||
| 008 | 170311b xxu||||| |||| 00| 0 eng d | ||
| 020 | _a9780545948548 | ||
| 050 |
_aPZ 8.S3118 _b2015 |
||
| 100 | _aSchow, Betsy | ||
| 245 |
_aSpelled / _cBetsy Schow |
||
| 260 |
_aNew York, NY _bScholastic, Inc., _cc2015 |
||
| 300 |
_a344 pages ; _c21 cm |
||
| 650 | _aFairy tales. | ||
| 650 |
_aPrincesses _xJuvenile fiction. |
||
| 942 |
_2lcc _cBK |
||
| 999 |
_c317073 _d317073 |
||